[Event "FIDE-Wch"]
[Site "Elista"]
[Date "1996.07.10"]
[Round "18"]
[White "Kamsky, Gata"]
[Black "Karpov, Anatoly"]
[Result "1/2-1/2"]
[WhiteElo "2735"]
[BlackElo "2770"]
[Annotator "Ftacnik,L"]
[PlyCount "160"]
[EventDate "1996.06.06"]
[EventType "match"]
[EventRounds "18"]
[EventCountry "RUS"]
[SourceTitle "CBM 054"]
[Source "ChessBase"]
[SourceDate "1996.10.01"]
[SourceVersion "1"]
[SourceVersionDate "1996.10.01"]
[SourceQuality "1"]

1. d4 Nf6 2. c4 e6 3. Nf3 b6 4. g3 Ba6 5. b3 Bb4+ 6. Bd2 Be7 7. Bg2 c6 8. Bc3
d5 9. Ne5 O-O 10. O-O Bb7 11. Nd2 Na6 12. e4 c5 13. exd5 exd5 14. Re1 (14. Ng4
Qd7 15. Ne5 Qc8 16. Re1 dxc4 17. Ndxc4 Bxg2 18. Kxg2 cxd4 19. Bxd4 Rd8 20. Qf3
Rxd4 21. Nc6 Bc5 22. Nxd4 Bxd4 23. Nd6 Qf8 24. Rad1 Bc5 25. Nxf7 Kxf7 26. Qb7+
Kg8 27. Qxa6 Kh8 {Torre,E-Karpov,An/Tilburg/1982/0-1 (57)}) 14... cxd4 (14...
Re8 15. cxd5 Bxd5 16. Nc6 Qc7 17. Nxe7+ Rxe7 18. dxc5 Bxg2 19. Kxg2 Rxe1 20.
Qxe1 Nxc5 21. Bxf6 Qc6+ $10) 15. Bxd4 Nc5 16. Ng4 dxc4 17. Nxc4 (17. Nxf6+ Bxf6
18. Bxc5 (18. Bxf6 Qxf6 19. Bxb7 Rad8 $1) 18... bxc5 (18... Bxa1 $4 19. Bxf8
Bxg2 20. Be7 $1 Qd5 21. bxc4 $18) 19. Bxb7 Bxa1 20. Bxa8 Bc3 21. bxc4 Bxd2 {
1/2-1/2 Torre,E-Adorjan,A/Wijk (02)/1984/}) (17. Bxc5 Bxc5 18. Bxb7 Nxg4 19.
Ne4 $1 Qxd1 20. Raxd1 Rab8 21. Nxc5 bxc5 22. Bf3 h5 $1 23. h3 Nf6 24. bxc4 Rb2
25. Re5 $10) (17. Bxb7 Qxd4 $1 18. Nxc4 Qxd1 19. Raxd1 Rad8 $1 $10) (17. Rxe7
$5 Qxd4 18. Nxc4 Qxg4 19. Qxg4 Nxg4 20. Bxb7 Nxb7 21. Rxb7 Rfb8 $10) 17... Bxg2
18. Kxg2 Nxg4 (18... Ne6 19. Bxf6 (19. Bb2 Qxd1 20. Nxf6+ {1/2-1/2 Schussler,
H-Sokolov,A/Thessaloniki olm (08)/1984/}) 19... Bxf6 20. Qxd8 Bxd8 21. Rad1 Bc7
22. Nge3 b5 23. Nd6 a6 24. Rd5 Rfd8 25. Nb7 {1-0 Torre,E-Sokolov,A/World-USSR/
1984 (39)}) 19. Qxg4 Bf6 20. Rad1 h5 {Karpov has an old acquitance with the
position, so he could afford to enter this rich tactical line.} (20... Bxd4 21.
Rxd4 Qc7 22. Nd6 Ne6 23. Rxe6 h5 24. Qe4 fxe6 25. Qxe6+ Kh7 26. Rd5 g6 {
1/2-1/2 Kasparov,G-Karpov,An (16)/Wch31-KK1 Moscow/1984 (35)}) 21. Bxf6 (21.
Qxh5 Bxd4 22. Re5 Ne6 $19) (21. Qf4 Ne6 $17) 21... hxg4 22. Bxd8 Raxd8 23. Ne3
(23. Ne5 $5 f5 24. b4 $14) 23... Nd3 24. Re2 (24. Rf1 Ne5 $10) 24... Ne5 $1 (
24... Rfe8 25. Red2 Ne1+ 26. Kf1 Rxd2 27. Rxd2 Nf3 28. Rd7 Nxh2+ 29. Kg2 $14)
25. Red2 (25. Nd5 f6 26. a4 Kf7 $10) 25... Rxd2 26. Rxd2 g6 {White can claim
only microscopic advantage, but Kamsky continues to fight till the end.} 27. h3
(27. Nd5 Kg7 $10) 27... gxh3+ 28. Kxh3 Re8 29. Kg2 Kf8 30. f4 Nc6 31. Kf3 (31.
Nc4 Rd8 $10) 31... Re6 32. g4 (32. Rd7 Ke8 33. Rc7 Nd4+ 34. Kf2 Nb5 35. Rb7 Re7
$10) 32... b5 33. Rd7 Ke8 34. Rd1 (34. Rb7 Nd4+ 35. Kf2 Re7 $10) 34... Ne7 35.
f5 gxf5 36. gxf5 Rc6 37. Ke4 Ng8 38. Ke5 Ra6 39. Rd2 Nf6 40. Rc2 Kd8 41. Kd4
Rb6 42. Kc5 b4 43. Kd4 Rd6+ 44. Ke5 {All white pieces are active and b4 pawn
is quite weak. On the other hand black is on alert and the position remains
pretty close to equal.} (44. Kc5 Rb6) 44... Ra6 45. Nc4 Ke7 46. Re2 Nd7+ (46...
Rc6 47. Kd4+ Kd8 48. Ne5 Rc7 49. Rh2) 47. Kf4+ Kf6 48. Rd2 (48. Ne3 Rd6 49.
Ng4+ Kg7 $10) 48... Ke7 49. Rh2 Nb6 50. Re2+ Kf8 (50... Kf6 51. Ne3 Ra5 52.
Ng4+ Kg7 53. Kg5 Nd5 $13) 51. Ne3 Ra5 52. Ke4 Ke7 53. Rc2 Kd6 54. Kd4 Kd7 55.
Ke4 Kd6 56. Rd2+ Ke7 57. Ng4 f6 (57... Nd7 $10) 58. Ne3 Re5+ 59. Kf4 Ra5 60.
Kg4 Re5 61. Kf3 Ra5 62. Rh2 Ke8 63. Ke4 (63. Rh8+ Kf7 $10) 63... Re5+ 64. Kd4
Ra5 65. Ke4 Re5+ 66. Kf4 Ra5 67. Kg4 Ke7 68. Rd2 Re5 69. Rd3 Kf7 70. Kf4 (70.
Nc4 Nxc4 71. bxc4 Re4+ 72. Kf3 Rxc4 73. Rd7+ Ke8 74. Rxa7 $10) 70... Ra5 71.
Rd6 Ke7 72. Re6+ Kf7 73. Re4 Rxa2 74. Rxb4 {Here are the exchanges favouring
the defender.} Ra5 75. Kf3 Re5 76. Rd4 Rb5 77. Rd3 (77. b4 a5 $10) 77... Nc8
78. Nd5 Ne7 79. Nxe7 Kxe7 80. Kg4 a5 1/2-1/2

[Event "Donner Memorial"]
[Site "Amsterdam"]
[Date "1996.08.18"]
[Round "2"]
[White "Kamsky, Gata"]
[Black "Salov, Valery"]
[Result "1-0"]
[WhiteElo "2745"]
[BlackElo "2675"]
[Annotator "Dautov,R"]
[PlyCount "75"]
[EventDate "1996.08.17"]
[EventType "tourn"]
[EventRounds "11"]
[EventCountry "NED"]
[EventCategory "16"]
[SourceTitle "CBM 055"]
[Source "ChessBase"]
[SourceDate "1996.12.01"]
[SourceVersion "1"]
[SourceVersionDate "1996.12.01"]
[SourceQuality "1"]

1. d4 {Petursson Psakhis} Nf6 2. c4 e6 3. Nf3 b6 4. g3 Ba6 5. b3 b5 6. cxb5
Bxb5 7. Bg2 d5 8. O-O Nbd7 9. Re1 {N N/} (9. Ba3 Bxa3 {Huzman/} (9... Be7 $5
10. Bxe7 (10. Qc2 Rc8 11. Bxe7 Qxe7 12. Nc3 Ba6 13. Qb2 $14 {Assmann,
T-Vuckovic,A/Bodenseecup/1996/0:1/43/}) 10... Qxe7 11. Nc3 Ba6 $10) 10. Nxa3
Ba6 (10... c6 $5) 11. b4 {Huzman-Salov/Amsterdam Donner/1996} c6 {/\Qb6} (11...
c6 {Psakhis} 12. Qc2 Qb6 $10) (11... Qe7 $2 12. Rb1 Rb8 13. Qa4 $1 $16 {
Huzman,A-Salov,V/Amsterdam/1995/1:0/38/Inf 64/470/})) (9. Nc3 Ba6 10. Bb2 Be7
11. Rc1 O-O 12. Na4 Rc8 $10 (12... Qb8 $10 {Psakhis} 13. Nc5 $6 Bxc5 14. dxc5
c6 $15 {Polak,T-Epishin,V/Wien op-1/1996/0:1/36/})) 9... Bb4 (9... Ba6 $5) 10.
Bd2 a5 (10... Bd6 11. Nc3 Ba6 12. e4 $14) (10... Bxd2 {Psakhis} 11. Nbxd2 O-O (
11... c5 12. dxc5 Nxc5 13. a4 $1 Ba6 14. b4 Ncd7 15. b5 Bb7 16. a5 $16) 12. Rc1
$14) 11. Nc3 (11. a3 Bxd2 12. Nbxd2 c5) 11... Ba6 (11... Bc6 $5 12. a3 Be7 13.
Qc2 O-O $13) 12. a3 Be7 (12... Bxc3 {Psakhis} 13. Bxc3 {[%csl Ra5][%cal Rc3a5]}
) 13. e4 Bb7 (13... Nxe4 $5 14. Nxe4 dxe4 15. Ne5 (15. Rxe4 Bb7 16. Re1 (16.
Rg4 O-O 17. Bh6 Bf6) 16... O-O 17. Qc2 Bd5 $10) 15... Bb7 16. Bxe4 Bxe4 17.
Rxe4 Nxe5 18. dxe5 Qd5 19. Qc2 O-O $10) (13... dxe4 {Psakhis} 14. Ng5 $5) 14.
exd5 (14. e5 $6 Ne4 $15 (14... Ne4 {Psakhis} 15. Qc2 Nxd2 16. Qxd2 c5)) 14...
Nxd5 (14... exd5 {Psakhis} 15. Qe2 (15. Nb5 $5 Ne4 16. Bf4 Rc8 17. Nd2 $16)) (
14... Bxd5 {Psakhis} 15. Nxd5 Nxd5 16. Qc2 O-O 17. Qc6 (17. Ne5 $5)) 15. Ne4 (
15. Nxd5 {Psakhis} Bxd5 16. Qc2 O-O 17. Bf4 c5 $10) 15... N5f6 (15... O-O 16.
Ne5 (16. Qc2 $14 {Psakhis}) 16... Nxe5 17. dxe5 $14 {><a5,c7}) 16. Nfg5 (16.
Nxf6+ {Psakhis} Nxf6 17. Qc2 O-O 18. Bf4 Rc8 $10) 16... Bd5 $2 (16... Nxe4 17.
Bxe4 (17. Nxe4 Bd5 {/\c6} (17... O-O 18. Qc2 Bd5) (17... Bd5 $2 {Petursson} 18.
Qg4 O-O 19. Bh6 $18) (17... O-O $1)) 17... Bxe4 18. Nxe4 Nf6 $10) 17. Nxf7 $1
Kxf7 18. Ng5+ Kg8 19. Nxe6 $16 Bxe6 (19... Qb8 20. Nxg7 (20. Bxd5 Nxd5 21. Nxg7
$1 N7f6 (21... Kxg7 22. Qg4+ Kf8 23. Qh5 $1 Bf6 24. Qxd5 $18) 22. Nf5 Bf8 23.
Bg5 $16) 20... Bxg2 (20... Kxg7 21. Rxe7+ Kf8 22. Qe2 $18) 21. Rxe7 {/\Ne6,Rg7#
} Bd5 22. Bh6 $18 {/\Nf5,Rg7}) 20. Rxe6 (20. Bxa8 Qxa8 21. Rxe6 Bd6 22. Qc2 Qd5
23. Rae1 Kf7 $14) (20. Bxa8 $16 {Petursson}) 20... Kf7 (20... Rb8 21. Qe2 Bd6 (
21... Bf8 $2 22. Rxf6 gxf6 23. Bd5+ Kg7 24. Qg4#) 22. Qc4 Kf8 23. Bxa5 $16 {->}
) (20... Ra7 21. Qe2 (21. Qc2 $5) (21. Qe1 Kf7 22. Bxa5 Re8 (22... Rxa5 {
Psakhis} 23. Rxe7+ Qxe7 24. Qxa5 $16) 23. b4 Nf8 24. Re3 Qxd4 25. Rd1 $36)
21... Bd6 (21... Kf8 22. Ra6 (22. g4 {Petursson} h6 23. h4 $40) 22... Rxa6 (
22... Qb8 {Psakhis} 23. Bxa5) 23. Qxa6 $16) 22. Bg5 (22. Qc4 Kf8 23. Rae1 Bxa3
24. Bg5 $40) 22... h6 23. Bxf6 Nxf6 24. Qc2 $1 {/\Qg6} Bf8 25. Rae1 Bxa3 26.
Qg6 Kf8 27. Bc6 Ra8 28. Bxa8 Qxa8 29. Rxf6+ gxf6 30. Qxf6+ Kg8 31. Qg6+ Kf8 32.
Re4 $18) 21. Qe2 (21. Bxa8 $5 {Psakhis}) 21... Re8 (21... Ra7 {Psakhis} 22. Ra6
$5 (22. Qc4 Kf8 23. Rae1 Bxa3 24. Bc6 $40) 22... Rxa6 (22... Qb8 23. Qe6+ Kf8
24. Rxa7 Qxa7 25. Re1 Bd6 26. Bd5 $18) 23. Qxa6 Nb6 24. Be3 $14) 22. Bxa8 Qxa8
23. Re1 Qd8 (23... Bd6 $2 24. Rxe8 Qxe8 (24... Nxe8 {Psakhis} 25. Qe6+) 25.
Qc4+ $18) 24. Bxa5 $18 (24. Qc4 $5 {Psakhis} Kf8 25. Bxa5 Bd6 26. Bb4 $18)
24... Nf8 (24... Nb6 {Psakhis} 25. Bxb6 cxb6 26. Qc4 Kf8 27. a4 $18) 25. Re3
Ng6 (25... Bxa3 $2 26. b4 $18 {/\Qa2}) (25... Bd6 {Psakhis} 26. Qc4+ Kg6 27.
Rxe8 Nxe8 28. Bb4 $18) 26. Qc4+ Qd5 (26... Nd5 27. Bxc7 $18) 27. Qxc7 (27. Bb4
$5 {Psakhis} Bxb4 28. Rxe8 Bxe1 (28... Qxc4 29. bxc4 Nxe8 30. axb4 $18) 29.
Rxe1 $18) 27... Kf8 (27... Qxd4 {Psakhis} 28. Bb4 Nd5 29. Qd7) 28. Bb4 (28. Bb6
{Psakhis} Bxa3 29. Bc5+ Bxc5 30. Qxc5+ Qxc5 31. Rxe8+ Nxe8 32. dxc5 $18) 28...
Bxb4 29. axb4 Rd8 (29... Qxd4 30. Qc5+ Qxc5 31. Rxe8+ Nxe8 32. bxc5 $18) 30. b5
Qxd4 (30... Ng4 {Psakhis} 31. Rf3+ Nf6 (31... Kg8 32. Qc4) 32. b6) 31. b6 Qd7
32. Qc5+ Kg8 33. Qc4+ Kf8 (33... Qf7 {Psakhis} 34. b7 Rb8 35. Qc8+ Qf8 36. Re8)
34. Re6 Nd5 (34... Rc8 35. Qb4+ (35. Qa4 {Psakhis}) 35... Kg8 36. b7 Rb8 37.
Rb6 $18 {/\Rc1}) 35. Qe4 Kf7 (35... Nf6 36. Qb4+ $18 (36. Qc6 {Psakhis})) 36.
b7 $1 Nf8 (36... Qxb7 37. Qf3+ Kg8 38. Re8+) 37. Re8 Nf6 38. Re7+ 1-0

[Event "Donner Memorial"]
[Site "Amsterdam"]
[Date "1996.08.19"]
[Round "3"]
[White "Ivanchuk, Vassily"]
[Black "Kamsky, Gata"]
[Result "1/2-1/2"]
[WhiteElo "2730"]
[BlackElo "2745"]
[Annotator "Tisdall,J"]
[PlyCount "82"]
[EventDate "1996.08.17"]
[EventType "tourn"]
[EventRounds "11"]
[EventCountry "NED"]
[EventCategory "16"]
[SourceTitle "CBM 055"]
[Source "ChessBase"]
[SourceDate "1996.12.01"]
[SourceVersion "1"]
[SourceVersionDate "1996.12.01"]
[SourceQuality "1"]

{I will confess to being rather annoyed when Curt Hansen published a survey of
this variation, which I had been playing with steady success without being
noticed. Now that CBM readers have much of this information, I thought I would
have a look at a rare test of this solid defensive system at the very highest
level.} 1. e4 e5 2. Nf3 Nc6 3. Bb5 a6 4. Ba4 Nf6 5. O-O Be7 6. Re1 b5 7. Bb3 d6
8. c3 O-O 9. h3 Na5 10. Bc2 c5 11. d4 Qc7 12. Nbd2 cxd4 13. cxd4 Nc6 14. Nb3 (
14. d5 Nb4 15. Bb1 a5 16. Nf1 Na6 $5 {N An extremely sophisticated idea. The
point of this move order only becomes completely clear in note A below, when
black makes use of the open second rank for defensive purposes.} (16... Bd7 17.
Bd2 Rfc8 18. Ne3 Na6 19. Nh2 Nc5 20. Qf3 Qd8 21. h4 $13 {0-1 Adams,M-Ivanchuk,
V/Luzern 48/488 1989 (46)}) 17. N3h2 Nc5 18. g4 $6 h6 19. Ng3 Nh7 $15 {>< f4,
g5, h4} 20. Nf3 Ng5 21. Kg2 Nxf3 22. Qxf3 Bg5 23. Bxg5 hxg5 24. Rh1 Qd8 25. Bc2
$6 (25. Qe3 $5 Ra7 $1 (25... g6 $6 26. h4 gxh4 27. Qh6 Qf6 28. Rxh4 Qg7 29. Qe3
$40) 26. Bc2 g6 $5 27. h4 $2 gxh4 28. Qh6 g5 $1 29. f4 (29. Nh5 f6 $19) 29...
f6 $1 {(S. Agdestein)}) 25... g6 $1 26. Nf1 Kg7 27. Nd2 Qf6 $17 {0-1 Adams,
M-Agdestein,S/Hastings 53/351 1991 (44)}) 14... a5 15. Be3 a4 16. Nbd2 Bd7 17.
Nf1 (17. Rc1 Qb7 {I feel this is the most harmonious option: Black can even
gain pressure on the b-file with a later Rab8 and ...Nc4. It also eyes e4 and
connects the rooks. Still, this is largely a matter of taste, as we have
already seen that other options are fully playable.} (17... Rfc8 $5 18. Bd3 (
18. Bb1 Qb8 19. Nf1 Na5 20. Rxc8+ Bxc8 21. Bg5 h6 22. Bh4 Nc6 23. Ne3 $14 {
Smyslov,V-Reshevsky,S/Wch18-NLD\URS (The Hague) (01) ,MAINB 1948 (41)}) (18. a3
Qb7 19. Bb1 b4 $6 {It is often an error to give white the c4 square for knight
manoeuvres. One of black's trumps in this variation is the difficulty in
finding a reliable post for the Nd2 while keeping control of the e4 pawn.} 20.
Nc4 bxa3 21. bxa3 exd4 22. Bxd4 Nxd4 23. Qxd4 Ra6 24. Bd3 $14 {Petrosian,
T-Pfleger,H/Bamberg 5/323 1968 (55)}) 18... Qb7 19. a3 (19. Qe2 Be8 20. a3 Rab8
21. Rc2 exd4 22. Nxd4 Nxd4 23. Bxd4 Rxc2 24. Bxc2 Nd7 25. Nf3 Bf6 26. e5 dxe5
27. Nxe5 Nf8 28. Be4 Qc7 29. Nf3 Bxd4 30. Nxd4 Qc5 31. Nc2 {1/2-1/2 Nunn,
J-Spassky,B/Reykjavik WCup ,CBM 10 1988}) 19... exd4 20. Nxd4 Ne5 21. Rxc8+
Rxc8 22. Bb1 b4 (22... d5 23. Nf5 Bxf5 24. exf5 Nc4 25. Bd4 h6 26. Nxc4 dxc4
27. Qe2 {Jansa,V-Trapl,J/CSR-ch (07) 1986 (41)} Kf8 $10) 23. f4 Nc6 24. Nc4 $6
bxa3 25. bxa3 Nxd4 26. Qxd4 d5 27. exd5 Bc5 28. Qd2 Qxd5 29. Qxd5 Nxd5 $15 {
Vujadinovic,G-Lazic,Mi/YUG-chT Tivat (04) ,EXP 48 1995 (42)}) (17... Qb8 $5 18.
Nf1 (18. Qe2 Re8 19. Bd3 (19. a3 h6 20. Bd3 Na5 21. dxe5 dxe5 22. Bc5 Bd8 23.
Rc2 Nh7 24. Rec1 Ra6 $13 {Bouaziz,S-Torre,E/Hannover 36/(433) 1983. An ideal
execution of the ...Qb8 idea: Black has avoided tedious exchanges on c5 and
managed to activate the Ra8 while not losing control of b5.}) 19... Nb4 20. Bb1
Bd8 (20... h6 21. Nf1 Bd8 22. Ng3 Nc6 23. Red1 Qb7 24. dxe5 dxe5 25. Nh4 g6 26.
Nf3 Kh7 27. Rc5 Rb8 28. Bd3 b4 29. Ba6 Qa8 30. Bb5 {+/- Timman,J-Torre,E/
Indonesia 36/(433) 1983}) 21. dxe5 dxe5 22. a3 Nc6 23. Bd3 Na5 24. Rc2 b4 $10 {
Lobron,E-Torre,E/Hannover (02) ,MCL 01 1983 (41)}) 18... Na5 19. b3 axb3 20.
axb3 Nc6 21. Ng3 Ra3 22. Qd2 b4 23. Bg5 Rd8 24. Nf5 Bxf5 25. exf5 Ra2 26. Qd1
h6 27. Bb1 Ra6 28. Bd3 Rb6 {1/2-1/2 Geller,E-Kuzmin,G/Erevan zt (01) ,MCL 06
1982}) (17... Rac8 $5 18. Bb1 (18. a3 Qb8 19. Qe2 (19. Bd3 Rc7 (19... exd4 20.
Nxd4 Ne5 21. Rxc8 Rxc8 22. Bb1 Bd8 23. Qe2 Bb6 $10 {Vitomskis,J-Toennemann,W/
Baltic Sea 86-91 ,SEC 03 1991 (50)}) 20. Qe2 Rb7 21. dxe5 Nxe5 22. Bb1 b4 23.
Nd4 bxa3 24. bxa3 d5 25. f4 Bxa3 26. Rcd1 Ng6 27. e5 $13 {Ebbett-Zur, corr.
1986}) 19... Na5 20. Bd3 b4 21. axb4 Qxb4 22. dxe5 Rxc1 23. Rxc1 dxe5 $10 {
Kristoffel,NN-Toennemann,W/4 EU-ch sf 1 bd 8 CCYB 7 1991 (31)}) 18... Qb8 19.
Nf1 Na5 20. Rxc8 Rxc8 21. Bg5 Be6 22. Ne3 Nc4 23. Nxc4 Rxc4 24. a3 Rc8 25. Qd2
h6 26. Bh4 Bd8 27. Bg3 Nh5 $10 {Gebuhr,G-Medvedev,VV/cr EU/M/GT/297 (1988-92)
1988 (52)}) (17... Rfb8 $5) 18. a3 (18. Qe2 Rfe8 19. Bd3 (19. Red1 g6 20. Kh2
Bf8 21. dxe5 dxe5 22. a3 Nh5 $6 23. Bd3 Bg7 24. g3 Nd4 25. Bxd4 exd4 26. Rc5
$14 {Sigurjonsson,G-Hess,C/BL 8485 (1985) ,BL 80 1985 (36)}) (19. a3 g6 20. Bb1
Bf8 21. Ba2 h6 22. dxe5 Nxe5 (22... dxe5 23. Bc5 $14) 23. Bd4 Rac8 24. Bc3 $14
{Dolmatov,S-Agdestein,S/Tilburg (02) ,CBM 39 1993/1-0 (94)}) (19. Bb1 h6 20. a3
Bf8 21. dxe5 Nxe5 22. Nd4 Rac8 23. Rxc8 Rxc8 24. f4 Ng6 $14 {Degerman,L-Gausel,
E/Gausdal PG (06) ,EXT 94 1994/1/2-1/2 (62). In each of the above three
examples black committed himself prematurely to a pawn move on the kingside.
In general, ...g6 should only be played when white develops a knight quickly
to g3. Otherwise ...h6 is preferable, particularly in lines where white tries
to mount pressure on the a2-g8 diagonal. Best of all is to wait with both
until it is clear which, if either, are necessary.}) 19... Rab8 20. a3 (20.
dxe5 dxe5 21. Bc5 Nh5 22. g3 {Ljubojevic,Lj-Timman,J/Bugojno 33/481 1982 (44)}
g6 $10 {Timman} (22... f6 $10 {Timman})) 20... Bd8 (20... h6 21. dxe5 dxe5 $6 {
see deFirmian-Tisdall below.} 22. Bc5 Nh5 23. Bxe7 Nf4 24. Qe3 Rxe7 25. Rc5
Nxd3 $6 26. Qxd3 b4 27. Rec1 $16 {Spassky,B-Torre,E/Hamburg-TV (1 h) 1982/1-0 
(62)}) 21. dxe5 Nxe5 22. Bb1 Ba5 23. Bg5 Nxf3+ 24. Qxf3 Bc6 25. Bxf6 Bxd2 26.
Qg3 g6 27. Qxd6 Bxc1 28. Rxc1 Bxe4 29. Qf4 Qb6 30. Ba2 Bf5 31. Bd4 Qd8 32. Rc7
Re1+ 33. Kh2 g5 34. Bxf7+ Kf8 35. Ba2 {1-0 Timman,J-Byrne,R/Wijk 29/260 1980})
(18. Nf1 h6 (18... Rfe8 19. Ng3 g6 20. Bg5 Rac8 (20... Qa7 $5) 21. Qd2 Nxd4 22.
Nxd4 exd4 23. Qxd4 (23. Qf4 Kg7 24. Bh6+ (24. e5 $6 dxe5 25. Rxe5 Bd8 26. Bxf6+
$5 Bxf6 27. Nh5+ gxh5 28. Rxh5 d3 29. Qh6+ Kg8 30. Qxh7+ Kf8 31. Qh6+ Bg7 32.
Qd6+ Re7 33. Re1 Be6 34. Qxd3 $17) 24... Kg8 25. Bg5 $10) 23... Rc4 24. Qd2 Be6
$132 {Hellers,F-Tisdall,J/Oslo 54/347 1992/0-1 (81)}) 19. Ng3 Rfe8 20. Qd2 Bd8
21. Bxh6 $16 {Beliavsky,A-Lerner,K/URS-ch50 Moscow ,URS-ch 1983/1-0 (65)}) (18.
Bb1 Rac8 19. Nf1 Rfe8 20. Ng3 g6 21. Bg5 Qa7 22. Be3 Qb7 (22... Qb8 $5) 23. Re2
exd4 24. Nxd4 Ne5 25. b3 Bf8 26. f4 Rxc1 27. Qxc1 Nc6 28. Nf3 axb3 29. axb3 b4
$13 {1-0 Mortensen,E-Tisdall,J/Politiken Copenhagen DEN (11) 1996 (40)}) 18...
Rfe8 19. Bd3 (19. Qe2 exd4 20. Nxd4 Ne5 21. f4 Ng6 22. Bd3 Rab8 23. Qf3 Bd8 24.
Kh1 Bb6 $15 {Brustman,A-Tisdall,J/Osterskars op (02) ,EXT 95op 1995 (43)}) (19.
Bb1 h6 $5 $146 (19... Bd8 $5) 20. Qe2 Bd8 21. dxe5 Nxe5 22. Bd4 Ba5 23. Bc3
Bxc3 24. Rxc3 b4 25. axb4 Qxb4 $10 {DeFirmian,N-Tisdall,J/San Francisco (07) ,
CBM 46 1995 (40)}) 19... exd4 $1 {Here this move is particularly effective 
(hits the Bd3), but one should bear in mind the following factors when
considering this capture in such positions: Often the white knight is
misplaced on d4, preventing the desirable regrouping B-d4-c3. Black avoids the
exchange of knights in an assymetrical pawn structure (WPe4 v BPd6, as opposed
to WPe4 vs. BPe5) when the extra room for manoeuvre tends to favor white, who
gains space both for the Nd2, and the plan Bd4-c3.} 20. Nxd4 Ne5 21. Bb1 Bd8 $1
{This manoeuvre lifts black's position from the ranks of the solid to the
dynamic.} 22. N4f3 (22. Qe2 Rb8 23. f3 Ng6 $5 24. Qf2 Ne5 25. Red1 d5 $36 26.
Kh1 Nc4 27. Nxc4 bxc4 28. Bf4 Qxb2 29. Rc2 Qxb1 30. Rxb1 Rxb1+ 31. Kh2 Nh5 32.
Bd6 Rb6 33. e5 Nf4 34. Qg3 Nh5 35. Qf2 Nf4 36. Qg3 Nh5 {1/2-1/2 Wedberg,
T-Tisdall,J/SCT (8) 1995}) 22... h6 23. Bd4 Ba5 {Stefansson,H-Tisdall,J/
Reykjavik open/1996 (1/2, 59)}) (17. a3 Qb7 18. Bd3 exd4 19. Nxd4 Ne5 20. Bf1
Rac8 21. Rb1 d5 22. Bg5 h6 23. exd5 hxg5 24. Rxe5 Bd6 25. Re1 Qxd5 26. N2f3 Rb8
27. Nc2 $10 {1/2-1/2 Renet,O-Tisdall,J/Manila olm ;TD 92\02 1992 (41)}) 17...
Rfe8 18. Ng3 Rac8 19. Re2 Qb7 {Kamsky refrains from any pawn moves on the
kingside, which I believe is a key factor in playing this variation. The Ng3
is still hampered by the necessity of keeping e4 covered.} 20. b3 $5 {A
logical reaction, hoping to create a potential weakness at b5 as well as to
liberate the dormant Spanish bishop.} axb3 (20... exd4 $5) 21. Bxb3 exd4 {
Freeing the Nc6 from its guard duty over e5, the first step in neutralizing
the Bb3.} 22. Bxd4 $1 (22. Nxd4 d5 $5 (22... Na5 $5) 23. exd5 (23. Bxd5 Nxd5
24. exd5 Nb4 $1 $10 (24... Nxd4 25. Bxd4 Qxd5 26. Bxg7 $1)) 23... Na5 $10)
22... Na5 (22... Nxd4 $5 23. Qxd4 $14 {is slightly more pleasant for white,
thanks to control of the center and potential pressure against f7.} (23. Nxd4
Bf8 $132)) 23. Qd2 Bd8 {Kamsky also opts for this regrouping.} (23... Nc4 {
looks like a less accurate way of playing - blocking the Spanish bishop is not
as effective as taking it.} 24. Qd3 $1 (24. Bxc4 Rxc4 25. e5 dxe5 26. Nxe5 Ra4
$10) 24... Bc6 25. Rd1) (23... Nxb3 $5) 24. Qf4 $1 {Now white has attacking
potential on the kingside and black must tread carefully.} Nxb3 25. axb3 Be6
26. Nh4 Qc6 27. Re3 $5 (27. Nhf5 $5 Bxf5 28. Nxf5 (28. Qxf5 Re6 $14) 28... Re6
(28... Rxe4 29. Rxe4 Qxe4 30. Qxe4 Nxe4 31. Bxg7 b4 $5 $14) 29. Rd1 $14) 27...
d5 28. Rc3 (28. e5 Ne4 29. Nxe4 dxe4 30. Nf5 g5 $5) 28... Qxc3 $5 {This
confronts white with completely different types of problems to solve.
Stereotyped defensive moves faced grave danger:} (28... Qd7 29. Rxc8 Qxc8 30.
Nhf5 Bxf5 31. Nxf5 Qe6 (31... Rxe4 32. Qg5 {is frightening for black, but after
} Ne8 33. Nh6+ Kf8 34. Qxd5 Qe6 {black has chances to defend.}) 32. Qg5 g6 33.
Ra8 $1 dxe4 34. Bxf6 Bxf6 35. Qxf6 $1) 29. Bxc3 Rxc3 30. e5 Ne4 $1 {Ensuring
counterplay against the b-pawn.} 31. Nxe4 dxe4 32. Nf5 $1 {Taking the e4-pawn
with the offside knight offers white the best winning chances.} (32. Qxe4 $5
Rxb3 33. Ra8 Rf8 $14) (32. Ra8 $2 g5 $1) 32... Bb6 33. Nd6 Rf8 34. Nxe4 Rxb3
35. Ra6 $1 (35. Ng5 h6) 35... Bc7 36. Ng5 (36. Ra7 $5) (36. Nc5 $5) 36... Rb1+
37. Kh2 Re1 38. Qh4 $1 Bf5 (38... Bxe5+ $4 39. f4) 39. f4 (39. Rc6 $5 Bd8 40.
Qf4 $14) 39... Rf1 40. Nf3 Bd8 41. Qg3 Be7 {Now black can pose even more
technical problems thanks to the weakness of white's king position.} 1/2-1/2